[Event "Frankfurt"]
[Site "Frankfurt"]
[Date "1998.??.??"]
[Round "7"]
[White "Kramnik"]
[Black "Anand"]
[Result "1/2-1/2"]
[WhiteElo "2790"]
[BlackElo "2770"]
[PlyCount "22"]
[EventDate "1998.??.??"]
[Source "www.chesslib.no"]
[SourceDate "2004.05.04"]

1. Nf3 c5 2. c4 Nc6 3. Nc3 Nd4 4. g3 Nxf3+ 5. exf3 Nf6 6. d4 e6 7. Bg2 d5 8. cxd5 Nxd5 9. Nxd5 exd5 10. O-O c4 11. f4 Be7 1/2-1/2

[Event "Chess Classics Giants 1st pl"]
[Site "Frankfurt"]
[Date "1998.06.19"]
[Round "1"]
[White "Kramnik, Vladimir"]
[Black "Anand, Viswanathan"]
[Result "1/2-1/2"]
[WhiteElo "2790"]
[BlackElo "2770"]
[PlyCount "65"]
[EventDate "1998.06.19"]
[Source "ChessBase"]
[SourceDate "1998.09.09"]

1. Nf3 c5 2. c4 Nc6 3. Nc3 Nd4 4. g3 Nxf3+ 5. exf3 Nf6 6. d4 e6 7. Bg2 d5 8. cxd5 Nxd5 9. Nxd5 exd5 10. O-O c4 11. f4 Be7 12. Qf3 O-O 13. Qxd5 Qc7 14. f5 Rd8 15. Qe4 Bf6 16. Rd1 Qb6 17. g4 Bd7 18. g5 Ba4 19. Be3 Bxd1 20. Rxd1 Re8 21. Qxb7 Qxb7 22. Bxb7 Rab8 23. Bd5 Rxe3 24. fxe3 Bxg5 25. Re1 Rxb2 26. Bxc4 Kf8 27. Kh1 Rc2 28. e4 Rc1 29. Bb3 Rc4 30. Rc1 Ra4 31. Bxa4 Bxc1 32. Bb3 Bb2 33. Kg2 1/2-1/2

[Event "ol m"]
[Site "?"]
[Date "1998.??.??"]
[Round "12"]
[White "Krasenkow Michal"]
[Black "Lautier Joel"]
[Result "1-0"]
[WhiteElo "2660"]
[BlackElo "2645"]
[PlyCount "91"]
[EventDate "1998.??.??"]
[Source "www.chesslib.no"]
[SourceDate "2004.05.04"]

1. c4 c5 2. Nf3 Nc6 3. Nc3 Nd4 4. g3 g6 5. Bg2 Bg7 6. e3 Nxf3+ 7. Bxf3 d6 8. h4 h5 9. b3 Nh6 10. Bb2 Bg4 11. Bxg4 Nxg4 12. Qe2 Qd7 13. Qd1 Qd8 14. Nb1 Bf8 15. Nc3 Bg7 16. Bc1 Nh6 17. Bb2 Ng4 18. Qe2 Qd7 19. Qd1 Qd8 20. Nb1 Bf8 21. Nc3 Bg7 22. Bc1 Nh6 23. Bb2 Ng4 24. Qe2 Qd7 25. Qd1 Qd8 26. Nb1 Bf8 27. Nc3 Bg7 28. Bc1 Nh6 29. Bb2 Ng4 30. Qe2 Qd7 31. O-O-O Qf5 32. f3 Ne5 33. Ne4 O-O 34. Rhf1 a6 35. d4 cxd4 36. exd4 Nc6 37. g4 Qa5 38. d5 Ne5 39. Kb1 hxg4 40. fxg4 b5 41. c5 dxc5 42. h5 Qc7 43. Qh2 Rfc8 44. hxg6 Nxg6 45. d6 exd6 46. Ng5 1-0

[Event "Moscow RUS"]
[Site "?"]
[Date "2005.02.15"]
[Round "1"]
[White "Akopian Vladimir"]
[Black "Dvoirys Semen I"]
[Result "1-0"]
[WhiteElo "2693"]
[BlackElo "2595"]
[PlyCount "111"]
[EventDate "2005.??.??"]
[Source "www.chesslib.no"]
[SourceDate "2004.05.04"]

1. Nf3 Nf6 2. c4 c5 3. g3 Nc6 4. Bg2 d6 5. d4 cxd4 6. Nxd4 Bd7 7. O-O g6 8. Nc3 Bg7 9. Nc2 h5 10. Bg5 Nh7 11. Bf4 Rc8 12. Nd5 h4 13. Qd2 Nf6 14. Nce3 h3 15. Bf3 Nh5 16. Bxh5 Rxh5 17. g4 Rh8 18. Rad1 Ne5 19. Qb4 Nxg4 20. Nxg4 Bxg4 21. c5 Rxc5 22. Qxc5 dxc5 23. Nc7+ Qxc7 24. Bxc7 f6 25. Rd8+ Kf7 26. Rxh8 Bxh8 27. Rc1 Bxe2 28. Rxc5 f5 29. b3 Bf6 30. Be5 g5 31. Bb8 f4 32. Bxa7 Bf3 33. Bb8 Kg6 34. Be5 Bxe5 35. Rxe5 Kf6 36. Rc5 g4 37. a4 e5 38. a5 Ke6 39. b4 Kd6 40. Rc3 Be2 41. Rc8 e4 42. Rf8 Ke5 43. Rf7 Bf3 44. b5 e3 45. fxe3 fxe3 46. a6 e2 47. Re7+ Kd6 48. Rxe2 bxa6 49. Rd2+ Kc5 50. bxa6 Kb6 51. Rd6+ Ka7 52. Kf2 Be4 53. Kg3 Bf3 54. Rg6 Be2 55. Rxg4 Kxa6 56. Kxh3 1-0

[Event "Elista (ol) 73/48"]
[Site "?"]
[Date "1998.??.??"]
[Round "?"]
[White "Krasenkow, Michal"]
[Black "Lautier, Joel"]
[Result "1-0"]
[WhiteElo "2655"]
[BlackElo "2625"]
[PlyCount "55"]
[EventDate "1998.??.??"]
[Source "ChessBase"]
[SourceDate "1998.06.01"]

1. c4 c5 2. Nf3 Nc6 3. Nc3 Nd4 4. g3 g6 5. Bg2 Bg7 6. e3 Nxf3+ 7. Bxf3 d6 8. h4 h5 9. b3 Nh6 10. Bb2 Bg4 11. Bxg4 Nxg4 12. Qe2 Qd7 13. O-O-O Qf5 14. f3 Ne5 15. Ne4 O-O 16. Rhf1 a6 17. d4 cxd4 18. exd4 Nc6 19. g4 Qa5 20. d5 Ne5 21. Kb1 hxg4 22. fxg4 b5 23. c5 dxc5 24. h5 Qc7 25. Qh2 Rfc8 26. hxg6 Nxg6 27. d6 exd6 28. Ng5 1-0

[Event "Shanghai"]
[Site "?"]
[Date "2000.??.??"]
[Round "?"]
[White "Pigusov, E."]
[Black "Krasenkow, M."]
[Result "1/2-1/2"]
[WhiteElo "2610"]
[BlackElo "2660"]
[PlyCount "126"]
[EventDate "2000.??.??"]
[Source "Chess Informant"]
[SourceDate "2000.02.01"]

1. c4 c5 2. Nf3 Nc6 3. Nc3 Nd4 4. g3 g6 5. Bg2 Bg7 6. e3 Nxf3+ 7. Bxf3 d6 8. a3 h5 9. h3 Bxc3 10. bxc3 Nf6 11. d3 e5 12. e4 Nh7 13. h4 Be6 14. Rb1 Qd7 15. Bg2 f6 16. Be3 b6 17. a4 O-O 18. Rb5 Rf7 19. a5 bxa5 20. Rxa5 Rb8 21. O-O Bh3 22. d4 Bxg2 23. Kxg2 exd4 24. cxd4 Qe6 25. dxc5 Qxe4+ 26. Qf3 Qxf3+ 27. Kxf3 dxc5 28. Rxc5 Nf8 29. Rc6 Nd7 30. Bd4 Re8 31. Kg2 Ne5 32. Ra6 Nxc4 33. Bxf6 Nb6 34. Bd4 Re4 35. Be3 Ra4 36. Rxa4 Nxa4 37. Rd1 Nb6 38. Rd8+ Rf8 39. Rd6 Kf7 40. Bd4 Rg8 41. Rc6 Nd7 42. Rc7 Ke6 43. Rxa7 Rc8 44. Ra6+ Kf7 45. Kf3 Rc4 46. Ke3 Nf8 47. Ra7+ Ke6 48. Ke4 Rc6 49. Ra4 Nh7 50. Kf4 Rd6 51. f3 Rd5 52. Be5 Rd7 53. Ra6+ Kf7 54. Ke4 Rb7 55. f4 Nf8 56. f5 gxf5+ 57. Kxf5 Nd7 58. Bd4 Rb5+ 59. Kf4 Rb4 60. Ke3 Rb3+ 61. Kf2 Rb5 62. Rd6 Ne5 63. Bxe5 Rxe5 1/2-1/2

[Event "BL 0607 SV Mülheim Nord - TV Tegernsee"]
[Site "Germania"]
[Date "2007.03.17"]
[Round "12.1"]
[White "Bu, Xiangzhi"]
[Black "Tregubov, Pavel V"]
[Result "1/2-1/2"]
[WhiteElo "2671"]
[BlackElo "2596"]
[PlyCount "106"]
[EventDate "2006.10.28"]
[Source "www.chesslib.no"]
[SourceDate "2004.05.04"]

1. Nf3 c5 2. c4 Nc6 3. d4 cxd4 4. Nxd4 e6 5. Nc3 Bb4 6. g3 Qa5 7. Ndb5 Nf6 8. Bg2 O-O 9. a3 Bxc3+ 10. Nxc3 Qc5 11. b3 d5 12. Na4 Qe7 13. Bb2 dxc4 14. bxc4 Rd8 15. Qb3 e5 16. O-O Bg4 17. Bxc6 bxc6 18. Qe3 Re8 19. Rfd1 Bf5 20. Rac1 Ng4 21. Qf3 Qg5 22. e4 Be6 23. h4 Qe7 24. Qe2 h6 25. f3 Nf6 26. Qe3 Nd7 27. Kh2 Rab8 28. Rc2 Rb7 29. Rd3 Reb8 30. Kg2 f6 31. Bc1 Kh7 32. g4 Qf7 33. Rdc3 Nf8 34. Nc5 Rb1 35. h5 Bc8 36. Rd3 Ne6 37. Nxe6 Bxe6 38. Rd6 c5 39. Qxc5 Rc8 40. Qe3 Bxc4 41. Kf2 Qb7 42. Rc3 Ba6 43. Rxc8 Qxc8 44. Bd2 Qb7 45. Rd5 Bc4 46. Rd8 Qb5 47. Rc8 Bf7 48. Rc1 Rb2 49. Kg3 Qd7 50. Ba5 Qe6 51. Bc3 Rb3 52. Qxa7 Qc4 53. Qd7 Rxc3 1/2-1/2

[Event "It (open) (active) \"]
[Site "Mainz (Germany)"]
[Date "2007.08.19"]
[Round "8"]
[White "Ruck Robert (HUN)"]
[Black "Landa Konstantin (RUS)"]
[Result "1-0"]
[WhiteElo "2563"]
[BlackElo "2669"]
[PlyCount "129"]
[EventDate "2007.??.??"]
[Source "www.chesslib.no"]
[SourceDate "2004.05.04"]

1. Nf3 c5 2. c4 Nc6 3. Nc3 e5 4. e3 Nf6 5. Be2 d5 6. d4 e4 7. Ne5 dxc4 8. Nxc6 bxc6 9. Bxc4 Be7 10. O-O O-O 11. dxc5 Qc7 12. Be2 Bxc5 13. Qc2 Qe5 14. Rd1 Re8 15. Nd5 cxd5 16. Qxc5 Bg4 17. Qc2 Rac8 18. Qd2 Rc7 19. h3 Bxe2 20. Qxe2 Rec8 21. Rb1 Rc2 22. Qe1 Qe6 23. Bd2 d4 24. exd4 Nd5 25. Rdc1 f5 26. Rxc2 Rxc2 27. Qd1 Rc8 28. Rc1 h6 29. Rxc8+ Qxc8 30. Qb3 Qd7 31. Qb8+ Kh7 32. Qe5 h5 33. b4 g6 34. Kh2 Qc6 35. a4 a6 36. Qb8 Kg7 37. b5 axb5 38. axb5 Qe6 39. Bg5 Kf7 40. Qb7+ Ke8 41. Qb8+ Kf7 42. Bf4 Ke7 43. Be5 Kf7 44. Qb7+ Ke8 45. Qa8+ Ke7 46. Qa7+ Ke8 47. Qa6 Kf7 48. Qb7+ Ke8 49. Qb8+ Ke7 50. Bf4 Kf7 51. Bd6 Kg7 52. Qf8+ Kh7 53. Be5 Qg8 54. Qd6 Qf7 55. b6 f4 56. Qd8 g5 57. Qxg5 Nxb6 58. Bxf4 Nd5 59. Be5 Qg6 60. Qd8 Qf7 61. Qg5 Qg6 62. Qxg6+ Kxg6 63. Kg3 Kg5 64. Kh2 Kf5 65. Kg1 1-0

[Event "Aeroflot Open"]
[Site "Moscow"]
[Date "2004.02.23"]
[Round "7"]
[White "Berkes, Ferenc"]
[Black "Tregubov, Pavel V"]
[Result "1/2-1/2"]
[WhiteElo "2602"]
[BlackElo "2628"]
[PlyCount "49"]
[EventDate "2004.02.17"]
[Source "Roberto Alvarez"]
[SourceDate "2004.03.01"]

1. c4 c5 2. Nf3 Nc6 3. Nc3 e5 4. d3 g6 5. a3 Bg7 6. Rb1 Nge7 7. b4 d5 8. Nxd5 Nxd5 9. cxd5 Qxd5 10. e3 O-O 11. b5 Na5 12. Bd2 b6 13. Be2 e4 14. Bxa5 bxa5 15. Nd2 Be6 16. Nxe4 c4 17. Bf3 Qxd3 18. Qxd3 cxd3 19. Kd2 Rac8 20. Rhc1 f5 21. Nc3 Rfd8 22. Bd1 Rc7 23. Na4 Rxc1 24. Rxc1 Rb8 25. Rb1 1/2-1/2

[Event "60th ch-RUS Higher League"]
[Site "Krasnoyarsk RUS"]
[Date "2007.09.06"]
[Round "4"]
[White "Maletin, P."]
[Black "Tomashevsky, E."]
[Result "1/2-1/2"]
[WhiteElo "2567"]
[BlackElo "2654"]
[PlyCount "51"]
[EventDate "2007.09.03"]
[Source "www.chesslib.no"]
[SourceDate "2004.05.04"]

1. Nf3 Nf6 2. c4 c5 3. g3 Nc6 4. Bg2 d6 5. d4 cxd4 6. Nxd4 Bd7 7. Nc3 g6 8. Nc2 Bg7 9. O-O O-O 10. Bd2 Qc8 11. Re1 Bh3 12. Bh1 Ng4 13. f3 Nge5 14. b3 Rb8 15. Rc1 Qd8 16. Ne4 Be6 17. Nf2 Qb6 18. e3 Nd7 19. f4 Nc5 20. Rb1 a5 21. a4 Rbd8 22. Na3 d5 23. cxd5 Bxd5 24. Bxd5 Rxd5 25. Bxa5 Qxb3 26. Rxb3 1/2-1/2

[Event "It (Open) Dos Hermanas ESP"]
[Site "?"]
[Date "2006.03.24"]
[Round "2"]
[White "Izoria Zviad"]
[Black "Savchenko Boris"]
[Result "0-1"]
[WhiteElo "2652"]
[BlackElo "2569"]
[PlyCount "102"]
[EventDate "2006.??.??"]
[Source "www.chesslib.no"]
[SourceDate "2004.05.04"]

1. Nf3 c5 2. c4 Nc6 3. Nc3 g6 4. e3 Bg7 5. d4 Nf6 6. d5 Na5 7. e4 d6 8. h3 O-O 9. Bd3 a6 10. O-O b5 11. cxb5 c4 12. Bc2 axb5 13. Nxb5 Nb3 14. axb3 Rxa1 15. bxc4 Nd7 16. Nfd4 Qb6 17. Nc6 Re8 18. Qd3 Ba6 19. Be3 Rxf1+ 20. Kxf1 Qb7 21. Ba4 Bxb2 22. g3 h5 23. Kg2 Bg7 24. Bg5 Nc5 25. Qc2 Kh7 26. Be3 Nxa4 27. Qxa4 Ra8 28. Qb3 Qd7 29. Qd3 Bc8 30. Nba7 Qxh3+ 31. Kg1 h4 32. Qf1 Qg4 33. Qg2 h3 34. f3 Qd7 35. Qc2 Bb7 36. Kh2 e6 37. Qb3 Bf6 38. Bf4 Kg7 39. Be3 Re8 40. Qd3 Ra8 41. Qd2 Ba6 42. Nb5 exd5 43. exd5 Bb7 44. Bd4 Bxd4 45. Qxd4+ f6 46. g4 Bxc6 47. dxc6 Qxc6 48. Qd5 Qxd5 49. cxd5 Ra5 50. Nxd6 Rxd5 51. Nc4 Rd3 0-1

[Event "It, Polanica Zdroj POL"]
[Site "Polanica Zdroj"]
[Date "1996.??.??"]
[Round "?"]
[White "Gulko, B."]
[Black "Krasenkow, M."]
[Result "1/2-1/2"]
[WhiteElo "2615"]
[BlackElo "2605"]
[PlyCount "81"]
[EventDate "1996.??.??"]
[Source "www.chesslib.no"]
[SourceDate "2004.05.04"]

1. c4 c5 2. Nf3 Nc6 3. Nc3 Nd4 4. g3 Nxf3+ 5. exf3 b6 6. d4 cxd4 7. Qxd4 Bb7 8. Bg2 Nf6 9. O-O e6 10. Ne4 Nxe4 11. fxe4 f6 12. Qd1 Bc5 13. Qh5+ g6 14. Qh6 Bf8 15. Qd2 Bg7 16. Rd1 Bc6 17. b3 O-O 18. Bb2 Qc7 19. Re1 Qb7 20. b4 f5 21. Bxg7 Kxg7 22. b5 Bxe4 23. f3 d5 24. fxe4 dxe4 25. Rad1 Rad8 26. Qc3+ Kf7 27. Qe5 Qe7 28. a4 Rxd1 29. Rxd1 Rd8 30. Rd4 Rxd4 31. Qxd4 Qb4 32. Bf1 Qxa4 33. Qd7+ Kf6 34. Qxh7 Qa3 35. Qh8+ Kf7 36. Be2 Qc1+ 37. Kf2 e3+ 38. Kf3 Qg1 39. Qh7+ Kf6 40. Qh8+ Kf7 41. Qh7+ 1/2-1/2

[Event "XV Sigeman & Co"]
[Site "Malmo SVE"]
[Date "2007.04.18"]
[Round "1"]
[White "Cheparinov, I."]
[Black "Berg, E."]
[Result "1-0"]
[WhiteElo "2646"]
[BlackElo "2574"]
[PlyCount "69"]
[EventDate "2007.04.18"]
[Source "www.chesslib.no"]
[SourceDate "2004.05.04"]

1. Nf3 Nf6 2. c4 c5 3. g3 Nc6 4. d4 cxd4 5. Nxd4 d6 6. Bg2 Bd7 7. Nc3 g6 8. O-O Bg7 9. Nc2 O-O 10. Bd2 Qc8 11. Re1 Ne5 12. b3 Bc6 13. e4 Nd3 14. Re3 Nc5 15. h3 a6 16. Rc1 e6 17. Nb4 Rd8 18. Nxc6 bxc6 19. b4 Ncd7 20. f4 Qb7 21. Na4 e5 22. Rd3 exf4 23. Bxf4 Ne8 24. Qd2 Ne5 25. Bxe5 Bxe5 26. c5 Rab8 27. Nb6 Bf6 28. e5 Bxe5 29. Nc4 Bf6 30. Na5 Qxb4 31. Qxb4 Rxb4 32. Nxc6 Rb2 33. Nxd8 Bxd8 34. cxd6 Bb6+ 35. Kh1 1-0

[Event "XXIV ECC"]
[Site "Kallithea GRE"]
[Date "2008.10.23"]
[Round "7"]
[White "Roiz, M."]
[Black "Edouard, R."]
[Result "1/2-1/2"]
[WhiteElo "2677"]
[BlackElo "2531"]
[PlyCount "41"]
[EventDate "2008.10.17"]
[Source "www.chesslib.no"]
[SourceDate "2004.05.04"]

1. Nf3 c5 2. c4 Nc6 3. Nc3 e5 4. e3 Nf6 5. Be2 d5 6. d4 exd4 7. exd4 Be6 8. Be3 dxc4 9. O-O Be7 10. dxc5 O-O 11. Rc1 h6 12. Qa4 Ng4 13. Bf4 Nd4 14. Nxd4 Qxd4 15. Bxg4 Bxg4 16. Be3 Qd3 17. h3 Be6 18. Rfd1 Qf5 19. c6 bxc6 20. Qxc6 Rfc8 21. Qe4 1/2-1/2

[Event "LXI Lega superiore camp. russo"]
[Site "Novokuznetsk RUS"]
[Date "2008.09.14"]
[Round "11"]
[White "Maletin, P."]
[Black "Tregubov, P."]
[Result "1/2-1/2"]
[WhiteElo "2545"]
[BlackElo "2658"]
[PlyCount "89"]
[EventDate "2008.09.03"]
[Source "www.chesslib.no"]
[SourceDate "2004.05.04"]

1. Nf3 c5 2. c4 Nc6 3. Nc3 e5 4. e3 Nf6 5. Be2 d5 6. d4 exd4 7. exd4 Be6 8. Be3 dxc4 9. Qa4 Qb6 10. Bxc4 Qxb2 11. O-O Qb4 12. Bb5 Qxa4 13. Bxa4 O-O-O 14. dxc5 Nd5 15. Nxd5 Bxd5 16. Bb3 Be7 17. Nd2 Bxb3 18. axb3 Bxc5 19. Bxc5 Rxd2 20. Bxa7 Nxa7 21. Rxa7 Rhd8 22. h4 Kc7 23. Ra4 R8d4 24. Re1 Kd7 25. Re4 Rxe4 26. Rxe4 b5 27. g4 Kd6 28. Kg2 Rd3 29. b4 f6 30. f3 Rb3 31. h5 g6 32. hxg6 hxg6 33. Rf4 Ke6 34. Re4+ Kf7 35. Kg3 Kg7 36. Rd4 Kf7 37. Re4 Rb2 38. f4 Rb3+ 39. Kf2 Rc3 40. Kg2 Rb3 41. Kf2 f5 42. gxf5 gxf5 43. Re5 Rxb4 44. Rxf5+ Ke6 45. Re5+ 1/2-1/2

[Event "Ch (Men) Santa Clara CUB"]
[Site "?"]
[Date "2006.04.06"]
[Round "1.3"]
[White "Nogueiras Jesus"]
[Black "Dominguez Lenier"]
[Result "0-1"]
[WhiteElo "2556"]
[BlackElo "2647"]
[PlyCount "218"]
[EventDate "2006.??.??"]
[Source "www.chesslib.no"]
[SourceDate "2004.05.04"]

1. c4 c5 2. Nf3 Nc6 3. Nc3 e5 4. e3 Nf6 5. Be2 d5 6. d4 exd4 7. exd4 Be6 8. Be3 dxc4 9. Qa4 cxd4 10. Nxd4 Bd7 11. Qxc4 Rc8 12. O-O Be7 13. Rad1 Na5 14. Qd3 Nc4 15. Bc1 O-O 16. Nf5 Bxf5 17. Qxf5 Qa5 18. Qxa5 Nxa5 19. Be3 Bc5 20. Bg5 Nc6 21. Bf3 b6 22. Bxf6 gxf6 23. Ne4 Ne5 24. Nxf6+ Kg7 25. Nh5+ Kg6 26. Be2 Rfd8 27. Nf4+ Kf5 28. g3 Bd4 29. b3 Rc2 30. a4 Rb2 31. Kg2 Rxb3 32. Rd2 Rb2 33. Rfd1 Rxd2 34. Rxd2 Rd6 35. Bd1 Kf6 36. Bb3 Bc5 37. Re2 Nd3 38. Nd5+ Kg7 39. Re4 Nxf2 40. Rf4 Nd3 41. Rg4+ Kf8 42. Rh4 h6 43. Kf3 Re6 44. Re4 Rd6 45. Bc4 Nb2 46. Bb3 Nd3 47. Bc4 Nf2 48. Re2 Nh3 49. Kg2 Ng5 50. Nf4 Rd4 51. Bb5 Ne4 52. Bc6 Nf6 53. Kf3 Bd6 54. Rc2 Bxf4 55. gxf4 Rd3+ 56. Kg2 Rd4 57. Kf3 Nh5 58. Ke3 Rxf4 59. Bf3 Rf5 60. Rc7 Ra5 61. Bxh5 Rxh5 62. Rxa7 Rxh2 63. Rb7 Rh3+ 64. Kf2 Rb3 65. a5 b5 66. a6 Ra3 67. Rb6 Kg7 68. Ke2 f6 69. Rxb5 Rxa6 70. Kf3 Kg6 71. Kg3 Ra3+ 72. Kg4 Ra4+ 73. Kg3 f5 74. Kf3 Kg5 75. Kg3 Ra3+ 76. Kg2 Kg4 77. Rb6 Ra2+ 78. Kg1 Ra1+ 79. Kg2 Ra2+ 80. Kg1 h5 81. Rg6+ Kf4 82. Rh6 h4 83. Rb6 Kg4 84. Rg6+ Kf3 85. Rf6 f4 86. Rf8 Rb2 87. Rf7 Rc2 88. Rf8 Rd2 89. Rf7 Re2 90. Rf8 Rg2+ 91. Kh1 Rd2 92. Kg1 Rc2 93. Rf7 Rb2 94. Rf8 Rg2+ 95. Kh1 Ra2 96. Kg1 h3 97. Rf7 Rg2+ 98. Kh1 Rg8 99. Kh2 Ke3 100. Re7+ Kf2 101. Ra7 Re8 102. Kxh3 f3 103. Ra2+ Re2 104. Ra1 Re8 105. Ra2+ Ke3 106. Kh2 f2 107. Ra3+ Ke2 108. Ra2+ Kf3 109. Ra3+ Re3 0-1

[Event "Europa ch 2008"]
[Site "Plovdiv BUL"]
[Date "2008.04.26"]
[Round "6.7"]
[White "Grigoriants, Sergey"]
[Black "Tregubov, Pavel V"]
[Result "0-1"]
[WhiteElo "2573"]
[BlackElo "2629"]
[PlyCount "22"]
[EventDate "2008.04.21"]
[Source "www.chesslib.no"]
[SourceDate "2004.05.04"]

1. Nf3 c5 2. c4 Nc6 3. Nc3 e5 4. e3 Nf6 5. d4 cxd4 6. exd4 e4 7. Ne5 Bb4 8. Bd2 Nxd4 9. Nxe4 Qe7 10. Bxb4 Qxb4+ 11. Qd2 Nxe4 0-1

[Event "LXVI Campionato georgiano"]
[Site "Tbilisi GEO"]
[Date "2007.03.14"]
[Round "1"]
[White "Pantsulaia, L."]
[Black "Mchedlishvili, M."]
[Result "0-1"]
[WhiteElo "2612"]
[BlackElo "2583"]
[PlyCount "112"]
[EventDate "2007.03.14"]
[Source "www.chesslib.no"]
[SourceDate "2004.05.04"]

1. Nf3 c5 2. c4 Nc6 3. Nc3 g6 4. e3 Bg7 5. d4 d6 6. Be2 e6 7. O-O Nf6 8. d5 Ne7 9. e4 O-O 10. h3 e5 11. Ne1 Ne8 12. f4 f5 13. Nd3 exf4 14. Nxf4 Bd4+ 15. Kh2 Ng7 16. Bd3 g5 17. Ne6 Be5+ 18. g3 Bxe6 19. dxe6 f4 20. gxf4 gxf4 21. Qg4 Ng6 22. Nd5 Qc8 23. e7 Rf7 24. Kg2 Qxg4+ 25. hxg4 Ne6 26. Rb1 Nxe7 27. b4 Raf8 28. Ba3 Ng6 29. bxc5 dxc5 30. Bc1 Bd4 31. Bc2 b6 32. a4 Ne5 33. g5 f3+ 34. Kg3 Rg7 35. Kh4 f2 36. Bd1 Kh8 37. a5 bxa5 38. Rb5 Nxc4 39. Bg4 Nc7 40. Nxc7 Rxc7 41. Be2 Nd6 42. Rxa5 Nxe4 43. Bd3 Re7 44. Kg4 Nc3 45. Bd2 Nd5 46. Ra6 Nb6 47. Ba5 Rg7 48. Bxb6 axb6 49. Rxb6 Rfg8 50. g6 c4 51. Rb4 cxd3 52. Rxd4 Rxg6+ 53. Kf3 Rf8+ 54. Ke3 Re6+ 55. Kd2 Re2+ 56. Kd1 Rfe8 0-1

[Event "Presidents Cup"]
[Site "Elista"]
[Date "1998.05.08"]
[Round "1.2"]
[White "Makarov, Marat"]
[Black "Zvjaginsev, Vadim"]
[Result "1/2-1/2"]
[WhiteElo "2540"]
[BlackElo "2655"]
[PlyCount "43"]
[EventDate "1998.05.07"]
[Source "ChessBase"]
[SourceDate "1998.08.06"]

1. Nf3 c5 2. c4 Nc6 3. Nc3 Nd4 4. e3 Nxf3+ 5. Qxf3 g6 6. g3 Bg7 7. Bg2 d6 8. O-O Rb8 9. d3 a6 10. a4 Nh6 11. Qd1 Nf5 12. Bd2 O-O 13. a5 Bd7 14. Ra2 e6 15. Na4 Bxa4 16. Qxa4 b5 17. axb6 Qxb6 18. Qxa6 Qxa6 19. Rxa6 Rxb2 20. Bc1 Rb3 21. g4 Nh6 22. g5 1/2-1/2

[Event "Campionato europeo 2007"]
[Site "Dresda GER"]
[Date "2007.04.09"]
[Round "7"]
[White "Werle, Jan"]
[Black "Khenkin, Igor"]
[Result "1-0"]
[WhiteElo "2556"]
[BlackElo "2629"]
[PlyCount "78"]
[EventDate "2007.04.03"]
[Source "www.chesslib.no"]
[SourceDate "2004.05.04"]

1. Nf3 c5 2. c4 Nc6 3. Nc3 e5 4. e3 Nf6 5. d4 cxd4 6. exd4 e4 7. Ng5 Bb4 8. a3 Bxc3+ 9. bxc3 d6 10. Be2 h6 11. Nh3 Bxh3 12. gxh3 Qd7 13. Bf1 O-O 14. Rg1 Kh7 15. Rb1 Rac8 16. Qd2 Ne8 17. f3 f5 18. fxe4 Nf6 19. exf5 Rce8+ 20. Kd1 Nxd4 21. Rxg7+ Qxg7 22. Qxd4 b6 23. Rb2 Ne4 24. Qxg7+ Kxg7 25. Rg2+ Kf6 26. Bd3 d5 27. cxd5 Nxc3+ 28. Kc2 Na4 29. Rg6+ Ke5 30. Bxh6 Rf7 31. Re6+ Rxe6 32. dxe6 Rc7+ 33. Kd2 Nc5 34. Bb1 Nb7 35. Bg5 Nd6 36. e7 Ne8 37. f6 Rd7+ 38. Ke3 Nd6 39. f7 Kd5 1-0

[Event "Groningen (m/2)"]
[Site "?"]
[Date "1997.??.??"]
[Round "?"]
[White "Akopian, Vladimir"]
[Black "Luther, Thomas"]
[Result "1-0"]
[WhiteElo "2660"]
[BlackElo "2525"]
[PlyCount "99"]
[EventDate "1997.??.??"]
[Source "www.chesslib.no"]
[SourceDate "2004.05.04"]

1. c4 c5 2. Nf3 Nf6 3. g3 g6 4. Bg2 Bg7 5. O-O O-O 6. d4 cxd4 7. Nxd4 Nc6 8. Nc3 d6 9. Nc2 h5 10. Bg5 Be6 11. b3 h4 12. gxh4 Nh5 13. Qe1 Qa5 14. Nd5 Bxd5 15. cxd5 Bxa1 16. Qxa1 Nb8 17. Ne3 f6 18. Nc4 Qd8 19. Bd2 Nd7 20. f4 f5 21. e4 Ndf6 22. e5 dxe5 23. Qxe5 b5 24. Na5 Qb6+ 25. Kh1 Ng4 26. Qe1 Rae8 27. Nc6 Kh7 28. h3 Ngf6 29. Kh2 Qc7 30. Ba5 Qd7 31. Ne5 Qc8 32. Bb4 Ne4 33. Qe3 Qc2 34. Rc1 Qxa2 35. Rc7 Rg8 36. Rxa7 Qb1 37. d6 Nhg3 38. d7 Ra8 39. d8=Q Rgxd8 40. Qb6 Rg8 41. Rxe7+ Kh6 42. Qc7 Rh8 43. Nf7+ Kh5 44. Nxh8 Nf1+ 45. Bxf1 Ra2+ 46. Kg1 Kxh4 47. Rxe4 Qxe4 48. Qh7+ Kg3 49. Qxg6+ Kxf4 50. Bd2+ 1-0

[Event "TCh-ROU Superliga"]
[Site "Predeal ROU"]
[Date "2007.10.17"]
[Round "5"]
[White "Timoshenko, G."]
[Black "Baklan, V."]
[Result "1/2-1/2"]
[WhiteElo "2544"]
[BlackElo "2639"]
[PlyCount "30"]
[EventDate "2007.10.13"]
[Source "www.chesslib.no"]
[SourceDate "2004.05.04"]

1. c4 Nf6 2. Nf3 c5 3. g3 Nc6 4. Bg2 d6 5. O-O g6 6. Nc3 Bg7 7. d4 cxd4 8. Nxd4 Bd7 9. Nc2 O-O 10. b3 Qc8 11. Bb2 Bh3 12. Ne3 Bxg2 13. Kxg2 Ng4 14. Nxg4 Qxg4 15. e3 Qxd1 1/2-1/2

[Event "LXIV Campionato polacco"]
[Site "Opole POL"]
[Date "2007.02.11"]
[Round "3"]
[White "Markowski, T."]
[Black "Socko, B."]
[Result "1-0"]
[WhiteElo "2553"]
[BlackElo "2629"]
[PlyCount "113"]
[EventDate "2007.02.09"]
[Source "www.chesslib.no"]
[SourceDate "2004.05.04"]

1. Nf3 c5 2. c4 Nc6 3. Nc3 g6 4. e3 Bg7 5. d4 d6 6. Be2 Nf6 7. O-O O-O 8. d5 Nb8 9. e4 Na6 10. h3 Nc7 11. Bf4 Nd7 12. Qd2 a6 13. a4 Rb8 14. a5 b5 15. axb6 Rxb6 16. Ra3 Ne8 17. b3 Rb8 18. Na4 Qc7 19. Rd1 Qb7 20. Bd3 e5 21. Be3 f5 22. Qc2 Ndf6 23. Nc3 f4 24. Bd2 Qe7 25. Na2 Nd7 26. b4 g5 27. Be2 h5 28. Nh2 Qf7 29. Rf1 Nef6 30. g4 fxg3 31. Rxg3 cxb4 32. Bxb4 Nc5 33. Bxc5 dxc5 34. Nc3 Nh7 35. Qd1 g4 36. hxg4 h4 37. Rf3 Bf6 38. Kh1 Ng5 39. Re3 Bd8 40. Bd3 Qc7 41. Bc2 Rb6 42. Qe2 Rbf6 43. Nd1 Kh8 44. Rb3 Nf3 45. Rxf3 Rxf3 46. Ne3 R3f7 47. Nf5 Bg5 48. f4 Bxf4 49. Rxf4 exf4 50. e5 Re8 51. Nf3 Qb6 52. e6 Bxe6 53. Qe5+ Kg8 54. Nd6 Bf5 55. Qxe8+ Rf8 56. Qe5 Bxc2 57. Qe6+ 1-0

[Event "6. EICC Qualification"]
[Site "?"]
[Date "2005.07.02"]
[Round "4"]
[White "Izoria Zviad"]
[Black "Palac Mladen"]
[Result "1-0"]
[WhiteElo "2602"]
[BlackElo "2574"]
[PlyCount "50"]
[EventDate "2005.??.??"]
[Source "www.chesslib.no"]
[SourceDate "2004.05.04"]

1. Nf3 c5 2. c4 Nc6 3. Nc3 Nd4 4. e3 Nxf3+ 5. Qxf3 g6 6. b3 Bg7 7. Bb2 d6 8. g4 Rb8 9. Bg2 a6 10. g5 b5 11. Qe2 h6 12. h4 hxg5 13. hxg5 Rxh1+ 14. Bxh1 e6 15. f4 Qa5 16. O-O-O bxc4 17. Qxc4 Rb4 18. Qd3 d5 19. Bxd5 exd5 20. Nxd5 Bf5 21. e4 c4 22. Qe3 Bxb2+ 23. Kxb2 Be6 24. Nxb4 Qxb4 25. f5 Bd7 1-0

[Event "St Petersburg vs Moscow"]
[Site "?"]
[Date "2005.06.14"]
[Round "1"]
[White "Lugovoi Aleksei"]
[Black "Belov Vladimir"]
[Result "0-1"]
[WhiteElo "2557"]
[BlackElo "2617"]
[PlyCount "98"]
[EventDate "2005.??.??"]
[Source "www.chesslib.no"]
[SourceDate "2004.05.04"]

1. c4 c5 2. Nf3 Nc6 3. Nc3 g6 4. e3 Nf6 5. d4 cxd4 6. exd4 d5 7. Bg5 Ne4 8. cxd5 Nxc3 9. bxc3 Qxd5 10. Qb3 Qxb3 11. axb3 Bg7 12. Bb5 Bd7 13. O-O h6 14. Be3 a6 15. Be2 e6 16. Nd2 O-O 17. Nc4 Ne7 18. Ne5 Rad8 19. Bf3 Bc8 20. Ra5 Nd5 21. Bd2 g5 22. Re1 Rfe8 23. h4 f6 24. Nc4 b5 25. Nb2 Nc7 26. hxg5 hxg5 27. Re2 Bf8 28. Ra1 b4 29. c4 Rxd4 30. Be3 Rd6 31. Na4 e5 32. Bc5 Rd3 33. Be4 Rxb3 34. Bg6 Ne6 35. Bxe8 Nxc5 36. Rd2 Rd3 37. Rxd3 Nxd3 38. Bc6 Be6 39. Bd5 Kf7 40. Bxe6+ Kxe6 41. Kf1 e4 42. Ke2 Ke5 43. f3 f5 44. fxe4 fxe4 45. Ke3 a5 46. g3 b3 47. c5 Nxc5 48. Nb6 a4 49. Rf1 Be7 0-1